|
|
|
|
| LEADER |
00000nam a2200000 a 4500 |
| 005 |
20110915130151.0 |
| 008 |
090311s2008 sp 000 0 spa c |
| 020 |
|
|
|a 8486977614
|
| 020 |
|
|
|a 9788496721678
|
| 035 |
|
|
|a 5746
|
| 040 |
|
|
|d vLex
|
| 043 |
|
|
|a e------
|
| 080 |
|
|
|a 331.211
|
| 090 |
|
|
|c 2474
|d 2474
|
| 100 |
1 |
|
|a Lp̤ez Lp̤ez, Julia
|
| 245 |
1 |
3 |
|a Un Lado oculto de la flexibilidad salarial
|h [Recurso electrn̤ico] :
|b el incremento de la judicializacin̤ /
|c Julia Lp̤ez Lp̤ez
|
| 256 |
|
|
|a Servicio en ln̕ea.
|
| 260 |
|
|
|a Albacete :
|b Bomarzo,
|c DL2008
|
| 300 |
|
|
|a 136 p. ;
|c 24 cm
|
| 490 |
1 |
|
|a Estudios / Bomarzo
|
| 504 |
|
|
|a Referencias bibliogrf̀icas
|
| 506 |
1 |
|
|a Contenido solo disponible en los productos indicados
|d vLex Global
|d vLex Global (Academic Edition, excluding Law Schools)
|d vLex Global (U.S. Academic Edition, Law Schools)
|d vLex Global (U.S. Academic Edition, excluding Law Schools)
|d vLex Global (Academic Edition, Law Schools)
|
| 650 |
0 |
4 |
|a Derecho de trabajo
|
| 650 |
0 |
4 |
|a Salarios
|
| 650 |
0 |
4 |
|a Salarios, Sistemes de retribucin̤ de los
|
| 740 |
0 |
|
|a vLex Libros (Servicio en ln̕ea)
|
| 830 |
|
0 |
|a Estudios (Bomarzo)
|
| 856 |
4 |
0 |
|u http://vlex.com/source/lado-oculto-flexibilidad-salarial-incremento-judicializacion-5746
|z Acceso restringido
|
| 942 |
|
|
|c BOOK
|